| 000 | 01255nam a2200325 c 4500 | ||
|---|---|---|---|
| 003 | BLK | ||
| 005 | 20250801084711.0 | ||
| 008 | 180408b bul|||||r ||||||| ||bul|| | ||
| 010 | _aKNG00086657000 | ||
| 020 |
_a978-954-389-033-0 _bиздат.: Ера |
||
| 040 | _aBLK | ||
| 041 |
_aBUL _cBUL |
||
| 080 |
_aАмериканска литература (на САЩ) _b821.111(73) _x-31 _z821.111(73)-31 |
||
| 100 | 1 |
_aАлън, Сара Адисън _eпърви автор _9281347 |
|
| 139 |
_aАлън, Сара Адисън _bА 59 |
||
| 245 | 1 | 0 |
_aГрадина на желанията _bРоман _cСара Адисън Алън; прев. от англ. Весела Прошкова. |
| 257 | _aUSA | ||
| 260 |
_аСофия _bЕра _c2008 _fСофия : Експреспринт |
||
| 300 |
_a279 с. _c20 см |
||
| 380 | _aX | ||
| 500 | _aОриг. загл. Garden Spells / Sarah Addison Allen. | ||
| 590 | _aф | ||
| 700 |
_aПрошкова, Весела Богомилова _d1950- _eпрев. от англ. _9365223 |
||
| 852 | _aЦб 242025 | ||
| 856 | 4 |
_qpdf _u |
|
| 856 | 4 |
_qpdf _u |
|
| 942 |
_cKNG _n0 _031 |
||
| 944 |
_aCR _c27.11.2008 _lНора Радева _k30545 |
||
| 944 |
_aED _c19.01.2010 _lф / _k |
||
| 999 |
_c82137 _d82137 |
||